000 00518nam a2200181 4500
005 20260424164238.0
008 260424b |||||||| |||| 00| 0 eng d
020 _a9788170128458
_qhbk
041 _aeng.
082 _a348.54046 SUR
100 _aMalik, Surendra
245 _aSupreme court yearly digest 2004
_c/Surendra Malik, Sumeet Malik.
250 _a1st ed reprinted
260 _aLucknow:
_bEBC publishers,
_c2005.
300 _a4686 p.
_c;25 cm.
650 _aLaws, regulations, cases
942 _cENGLISH
999 _c619914
_d619914